Social characteristics of urban and rural communities, 1950 / (Record no. 33951)
[ view plain ]
| 000 -LEADER | |
|---|---|
| fixed length control field | 01233cam a22003251 4500 |
| 001 - CONTROL NUMBER | |
| control field | 33951 |
| 003 - CONTROL NUMBER IDENTIFIER | |
| rucl marc code | BD-RjUL |
| 005 - DATE AND TIME OF LATEST TRANSACTION | |
| control field | 20211209052102.0 |
| 008 - FIXED-LENGTH DATA ELEMENTS--GENERAL INFORMATION | |
| fixed length control field | 140512s1956 nyuab b 001 0 eng |
| 035 ## - SYSTEM CONTROL NUMBER | |
| System control number | (BD-RjUL)34043 |
| 040 ## - CATALOGING SOURCE | |
| Original cataloging agency | DLC |
| Transcribing agency | DLC |
| Modifying agency | BD-RjUL |
| Language of cataloging | eng |
| 041 ## - LANGUAGE CODE | |
| Language code of text/sound track or separate title | eng |
| 082 00 - DEWEY DECIMAL CLASSIFICATION NUMBER | |
| Classification number | 307.0973 |
| Edition number | 21 |
| Author mark and year | DUS 1956 |
| 100 1# - MAIN ENTRY--PERSONAL NAME | |
| Personal name | Duncan, Otis Dudley. |
| 9 (RLIN) | 6882 |
| 245 10 - TITLE STATEMENT | |
| Title | Social characteristics of urban and rural communities, 1950 / |
| Statement of responsibility, etc. | by Otis Dudley Duncan and Albert J. Reiss, Jr., for the Social Science Research Council in cooperation with the U.S. Dept. of Commerce, Bureau of the Census. |
| 260 ## - PUBLICATION, DISTRIBUTION, ETC. (IMPRINT) | |
| Place of publication, distribution, etc. | New York : |
| Name of publisher, distributor, etc. | Wiley, |
| Date of publication, distribution, etc. | c1956. |
| 300 ## - PHYSICAL DESCRIPTION | |
| Pagination | xviii, 421 p. : |
| Illustrations | illus. ; |
| Size | 24 cm. |
| 504 ## - BIBLIOGRAPHY, ETC. NOTE | |
| Bibliography, etc | Bibliographical footnotes. |
| Bibliography, etc | Includes index. |
| 650 #0 - SUBJECT ADDED ENTRY--TOPICAL TERM | |
| Topical term or geographic name as entry element | Cities and towns |
| Geographic subdivision | United States. |
| 9 (RLIN) | 103182 |
| Topical term or geographic name as entry element | Country life |
| Geographic subdivision | United States. |
| 9 (RLIN) | 101570 |
| 651 #0 - SUBJECT ADDED ENTRY--GEOGRAPHIC NAME | |
| Geographic name | United States |
| General subdivision | Social conditions |
| Chronological subdivision | 1945- |
| 9 (RLIN) | 13010 |
| 700 1# - ADDED ENTRY--PERSONAL NAME | |
| Personal name | Reiss, Albert J., |
| Relator term | joint author. |
| 710 2# - ADDED ENTRY--CORPORATE NAME | |
| Corporate name or jurisdiction name as entry element | Social Science Research Council (U.S.) |
| 9 (RLIN) | 103184 |
| Corporate name or jurisdiction name as entry element | United States. |
| Subordinate unit | Bureau of the Census. |
| 9 (RLIN) | 103185 |
| 942 ## - ADDED ENTRY ELEMENTS (KOHA) | |
| Source of classification or shelving scheme | Dewey Decimal Classification |
| Koha item type | Books |
| Lost status | Source of classification or shelving scheme | Damaged status | Not for loan | Collection code | Permanent Location | Current Location | Shelving location | Date acquired | Source of acquisition | Cost, normal purchase price | Total Checkouts | Full call number | Date last seen | Copy number | Koha item type |
|---|---|---|---|---|---|---|---|---|---|---|---|---|---|---|---|
| Dewey Decimal Classification | Not For Loan | Non-fiction | Central Library, University of Rajshahi | Central Library, University of Rajshahi | Reading Room | 20/10/1962 | Zeitlinger | 57.00 | 307.0973 DUS 1956 | 12/05/2014 | C-1 | Books |